DEVLET ANA (Record no. 1120668)

MARC details
000 -LEADER
sabit uzunluktaki kontrol alanı 00237nam a2200097Ia 4500
001 - KONTROL NUMARASI
kontrol alanı 1120668
005 - EN SON İŞLEMİN TARİH VE ZAMANI
kontrol alanı 20250827004629.0
008 - SABİT-UZUNLUKTA VERİ ÖĞELERİ--GENEL BİLGİ
sabit uzunluktaki kontrol alanı 250824s9999 xx 000 0 und d
245 #0 - ESER / YAZAR
ESER ADI DEVLET ANA
Yazar Adı KEMAL TAHİR
260 ## - YAYIN, DAĞITIM, VB.
YAYIN EVİ KETEBE YAYINCILIK
Holdings
Düşüm durumu Kayıp durumu Hasar Durumu Ödünç verilmez Ana kütüphane Geçerli Kütüphane Edinilen tarih Toplam ödünç verme sayısı Barkod Son görüntüleme tarihi Fiyatın geçerli olmaya başladığı tarih Koha materyal türü
        ERBİL KORU ANADOLU LİSESİ ERBİL KORU ANADOLU LİSESİ 24.08.2025   10464552 27.08.2025 27.08.2025 Books